000
00235nam a22000857a 4500
008
170123b xxu||||| |||| 00| 0 eng d
100
_9
2527
_a
Malhotra.R.etal.
245
_a
Wonder World Environment-S-1
260
_a
New delhi
_b
B.B.Private
_c
2011
999
_c
5612
_d
5612